[Event "Millionaire Chess Open 2014"]
[Site "Las Vegas USA"]
[Date "2014.10.11"]
[Round "6.21"]
[White "Ivanov, Alexander"]
[Black "Zuluaga, Cesar"]
[Result "0-1"]
[WhiteTitle "GM"]
[BlackTitle "IM"]
[WhiteElo "2508"]
[BlackElo "2344"]
[WhiteFideId "2000202"]
[BlackFideId "4401492"]
[EventDate "2014.10.09"]

1. e4 c5 2. Nf3 e6 3. d4 cxd4 4. Nxd4 a6 5. Bd3 Nf6 6. O-O Qc7 7. Qe2 d6 8. c4
g6 9. Nc3 Bg7 10. Bg5 O-O 11. Rac1 Nbd7 12. Rfd1 b6 13. Bb1 Bb7 14. b3 Rac8 15.
Qd2 Rfe8 16. Nf3 Bf8 17. h3 Qb8 18. Qf4 Nh5 19. Qe3 Ba8 20. a4 Nc5 21. Bc2 Bg7
22. b4 Bxc3 23. Qxc3 Nxe4 24. Bxe4 Bxe4 25. Nh2 e5 26. Ng4 Re6 27. Qd2 f6 28.
Be3 Ba8 29. f3 f5 30. Nh6+ Kg7 31. Bg5 Nf6 32. Bh4 f4 33. Ng4 Nxg4 34. hxg4 Qc7
35. a5 bxa5 36. bxa5 h5 37. g5 Rf8 38. Qa2 Rf7 39. Rc2 Kh7 40. Kh2 e4 41. c5 d5
42. Rd4 Qe5 43. Qa3 Bc6 44. Qc3 Rb7 45. Rb2 Rxb2 46. Qxb2 Bb5 47. Rb4 Qf5 48.
Qd4 exf3 49. gxf3 Re2+ 50. Kg1 Qh3 51. Bf2 Qxf3 52. Rb2 Qg4+ 53. Kh1 Qh3+ 54.
Kg1 f3 0-1

[Event "Millionaire Chess Open 2014"]
[Site "Las Vegas USA"]
[Date "2014.10.11"]
[Round "6.22"]
[White "Brendel, Oliver"]
[Black "Shabalov, Alexander"]
[Result "0-1"]
[WhiteTitle "IM"]
[BlackTitle "GM"]
[WhiteElo "2359"]
[BlackElo "2499"]
[WhiteFideId "4602048"]
[BlackFideId "2008572"]
[EventDate "2014.10.09"]

1. c4 e6 2. g3 d5 3. Bg2 Nf6 4. Nf3 dxc4 5. Na3 c5 6. Nxc4 Nc6 7. b3 Be7 8. Bb2
O-O 9. O-O Bd7 10. d4 cxd4 11. Nxd4 Rc8 12. Nb5 a6 13. Nbd6 Rb8 14. Rc1 Qc7 15.
Ne4 Nd5 16. Ne5 Rfd8 17. Nxd7 Rxd7 18. Qc2 Rbd8 19. Nc5 Ncb4 20. Qc4 Bxc5 21.
Qxc5 Qxc5 22. Rxc5 Nxa2 23. Rd1 Nab4 24. Rc4 Nc6 25. Rg4 g6 26. h4 f5 27. Rc4
Nde7 28. Rxd7 Rxd7 29. Ba3 Nd4 30. Bf3 Nxb3 31. Rc3 Nd4 32. Kg2 e5 33. e4 Nxf3
34. Kxf3 Nc6 35. exf5 gxf5 36. Bb2 0-1

[Event "Millionaire Chess Open 2014"]
[Site "Las Vegas USA"]
[Date "2014.10.11"]
[Round "6.23"]
[White "Burnett, Ronald"]
[Black "Chandra, Akshat"]
[Result "0-1"]
[WhiteTitle "IM"]
[BlackTitle "IM"]
[WhiteElo "2357"]
[BlackElo "2488"]
[WhiteFideId "2002159"]
[BlackFideId "25006711"]
[EventDate "2014.10.09"]

1. Nf3 Nf6 2. c4 e6 3. g3 d5 4. d4 dxc4 5. Qa4+ c6 6. Qxc4 b5 7. Qb3 Bb7 8. Bg2
Nbd7 9. O-O a6 10. a4 c5 11. axb5 Bd5 12. Qd1 axb5 13. Rxa8 Qxa8 14. Nc3 Bc6 15.
dxc5 b4 16. Nb1 Bxc5 17. Nbd2 O-O 18. Nb3 Be7 19. Ne1 Bxg2 20. Nxg2 Rc8 21. Ne1
Ne5 22. Bf4 Nc4 23. Nd3 Nd5 24. Nd2 Nxf4 25. gxf4 Nb6 26. Qb3 Nd5 27. Nf3 Bd6
28. Rd1 g6 29. Nde5 Nxf4 30. Nd7 Qc6 31. Qe3 Nd5 32. Rxd5 Qc1+ 33. Rd1 Qxd1+ 34.
Kg2 Be7 0-1

[Event "Millionaire Chess Open 2014"]
[Site "Las Vegas USA"]
[Date "2014.10.11"]
[Round "6.24"]
[White "Schneider, Igor"]
[Black "Krush, Irina"]
[Result "1/2-1/2"]
[WhiteTitle "FM"]
[BlackTitle "GM"]
[WhiteElo "2338"]
[BlackElo "2457"]
[WhiteFideId "2019043"]
[BlackFideId "2012782"]
[EventDate "2014.10.09"]

1. e4 e6 2. d4 d5 3. Nd2 c5 4. exd5 Qxd5 5. dxc5 Bxc5 6. Ngf3 Nf6 7. Bc4 Qd6 8.
Qe2 Bd7 9. O-O Bc6 10. Ne5 O-O 11. Nb3 Bb6 12. Bf4 Qe7 13. Rad1 Bc7 14. Nd4 Bd5
15. Nb5 Bxc4 16. Qxc4 Bb6 17. Bg5 h6 18. Bh4 g5 19. Bg3 Na6 20. Qe2 Nc5 21. Nc4
Nce4 22. Be5 Bc5 23. Nbd6 Nxd6 24. Bxd6 Bxd6 25. Nxd6 Rfd8 26. Ne4 Rxd1 27. Rxd1
Rd8 28. Nxf6+ Qxf6 29. Rxd8+ Qxd8 30. g3 Qd5 1/2-1/2

[Event "Millionaire Chess Open 2014"]
[Site "Las Vegas USA"]
[Date "2014.10.11"]
[Round "6.25"]
[White "Inants, Aghasi"]
[Black "Abel, Dennes"]
[Result "0-1"]
[WhiteTitle "FM"]
[WhiteElo "2305"]
[BlackElo "2446"]
[WhiteFideId "13303295"]
[BlackFideId "24605417"]
[EventDate "2014.10.09"]

1. e4 c6 2. d4 d5 3. Nc3 dxe4 4. Nxe4 Bf5 5. Ng3 Bg6 6. Bc4 e6 7. N1e2 Bd6 8. h4
h6 9. Nf4 Bxf4 10. Bxf4 Nf6 11. Qe2 Nbd7 12. O-O-O O-O 13. Bd3 Bxd3 14. Rxd3 Qa5
15. Kb1 Rfe8 16. Be5 Qd5 17. Rg1 c5 18. f4 c4 19. Rc3 b5 20. Bxf6 Nxf6 21. Rd1
Rac8 22. Re3 c3 23. Rxc3 Rxc3 24. bxc3 Qc6 25. Rd3 Nd5 26. Ne4 Nxf4 27. Qf3 Qc7
28. Rd1 Nd5 29. Rf1 f5 30. Nc5 Qa5 31. Kb2 b4 32. cxb4 Qxb4+ 33. Nb3 Rb8 34. Qd3
a5 35. a3 Qd6 36. Ka2 a4 37. Nc5 Qb6 38. Nxa4 Qa5 39. c4 Nb4+ 0-1

[Event "Millionaire Chess Open 2014"]
[Site "Las Vegas USA"]
[Date "2014.10.11"]
[Round "6.26"]
[White "Kavutskiy, Konstantin"]
[Black "Ashwin, Jayaram"]
[Result "1/2-1/2"]
[WhiteTitle "FM"]
[BlackTitle "IM"]
[WhiteElo "2307"]
[BlackElo "2468"]
[WhiteFideId "2026384"]
[BlackFideId "5018137"]
[EventDate "2014.10.09"]

1. d4 d5 2. c4 c6 3. Nf3 Nf6 4. e3 g6 5. Nc3 Bg7 6. Be2 O-O 7. O-O e6 8. b4 dxc4
9. Bxc4 b5 10. Be2 a5 11. bxa5 Qxa5 12. Qc2 Nbd7 13. Bd2 Qa3 14. Rfb1 Bb7 15.
Rb3 Qe7 16. a4 b4 17. Ne4 Nd5 18. Ra2 f5 19. Ng3 c5 20. a5 Ba6 21. Bxa6 Rxa6 22.
e4 fxe4 23. Nxe4 cxd4 24. Qc4 Rfa8 25. Nxd4 Ne5 26. Qc2 Qa7 27. Nb5 Qd7 28. Nd4
Qa7 29. Nb5 Qd7 30. Nd4 Rxa5 31. Rxa5 Rxa5 32. h3 Ra1+ 33. Kh2 Ng4+ 34. hxg4
Bxd4 35. Bxb4 Nf6 36. Nxf6+ Bxf6 37. Qd2 Qxd2 38. Bxd2 Ra7 39. Be3 Rd7 40. Ra3 1/2-1/2

[Event "Millionaire Chess Open 2014"]
[Site "Las Vegas USA"]
[Date "2014.10.11"]
[Round "6.26"]
[White "Kjartansson, Gudmundur"]
[Black "Gulamali, Kazim"]
[Result "1/2-1/2"]
[WhiteTitle "IM"]
[BlackTitle "FM"]
[WhiteElo "2439"]
[BlackElo "2271"]
[WhiteFideId "2301318"]
[BlackFideId "2024764"]
[EventDate "2014.10.09"]

1. Nf3 Nf6 2. c4 e6 3. g3 d5 4. Bg2 Be7 5. O-O O-O 6. d4 dxc4 7. Qa4 a6 8. Qxc4
b5 9. Qc2 Bb7 10. Bd2 Be4 11. Qc1 c6 12. Nc3 Bxf3 13. Bxf3 Qxd4 14. Be3 Qe5 15.
Bf4 Qc5 16. Ne4 Qf5 17. Nxf6+ Qxf6 18. a4 b4 19. Qe3 Nd7 20. Rad1 g5 21. Bc7 Nc5
22. Rc1 g4 23. Bxg4 Nxa4 24. Be5 Qg6 25. Bf3 Bg5 26. Bf4 Bxf4 27. Qxf4 Rab8 28.
Bxc6 Nxb2 29. Rc5 h6 30. Qe5 Qg7 31. Qxg7+ Kxg7 32. Rb1 Rb6 33. Rxb2 Rc8 34. Rc4
Rcxc6 35. Rcxb4 Rxb4 36. Rxb4 Rc2 37. e3 Ra2 38. Kg2 a5 39. Rb5 a4 40. g4 a3 41.
Ra5 Ra1 42. h4 a2 43. h5 Kf6 44. Kf3 Kg7 45. Kf4 Kf6 46. f3 Kg7 47. Ra6 Kf6 48.
Ra7 Kg7 49. Ra3 Kf6 50. Ra5 Kg7 51. Ra8 Kf6 52. Ra4 Kg7 53. Ra3 Kf6 54. Ra7 Kg7
55. Ke4 Kf6 56. Ra5 Kg7 57. Kf4 Kf6 58. Ke4 Kg7 59. Ra7 Kf6 60. Ra8 Kg7 61. Kf4
Kf6 62. Ke4 Kg7 63. Ra4 Kf6 64. Kf4 Kg7 65. Ra6 Kf6 66. Ra4 Kg7 67. Ke4 Kf6 68.
Ra3 Kg7 69. f4 Kf6 70. Ra4 Rg1 71. Rxa2 Rxg4 72. Ra5 Rg3 73. Kd4 Rh3 74. Kd3 Ke7
75. Ke4 Kf6 76. Kd4 Rh1 77. Ke4 Rh3 78. Rb5 Ke7 79. f5 Rh4+ 80. Kf3 Kf6 81. fxe6
fxe6 82. Kg3 Re4 83. Kf3 Re5 84. Rxe5 Kxe5 85. e4 Kf6 86. Kf4 e5+ 87. Kg4 Ke6
88. Kf3 Kf6 89. Kg4 Ke6 90. Kf3 Kf6 1/2-1/2

[Event "Millionaire Chess Open 2014"]
[Site "Las Vegas USA"]
[Date "2014.10.11"]
[Round "6.27"]
[White "Milman, Lev"]
[Black "Wang, Qibiao"]
[Result "1-0"]
[WhiteTitle "IM"]
[WhiteElo "2427"]
[BlackElo "2174"]
[WhiteFideId "2020050"]
[BlackFideId "8604282"]
[EventDate "2014.10.09"]

1. d4 Nf6 2. c4 g6 3. Nc3 Bg7 4. e4 d6 5. Nf3 O-O 6. Be2 e5 7. O-O Na6 8. Be3 c6
9. d5 Ng4 10. Bg5 f6 11. Bh4 g5 12. Bg3 Nh6 13. c5 Nxc5 14. b4 Nxe4 15. Nxe4 Nf7
16. Rc1 g4 17. Nh4 f5 18. Nc3 f4 19. Bxg4 fxg3 20. hxg3 Ng5 21. Bxc8 Rxc8 22.
Qg4 Rc7 23. f4 exf4 24. gxf4 Rcf7 25. g3 cxd5 26. Nxd5 Ne4 27. Rfe1 Nf6 28.
Nxf6+ Qxf6 29. Nf3 Qb2 30. Ng5 Rf6 31. Rc7 Rg6 32. Qe2 Qd4+ 33. Kg2 Qd5+ 34. Qe4
Qxa2+ 35. Re2 Qb3 36. Rxb7 d5 37. Qe7 d4 38. Rd7 h6 39. Qe4 Rff6 40. Rd8+ Bf8
41. Rxf8+ Kxf8 42. Qe8+ Kg7 43. Re7+ 1-0

[Event "Millionaire Chess Open 2014"]
[Site "Las Vegas USA"]
[Date "2014.10.11"]
[Round "6.30"]
[White "Ashwin, Jayaram"]
[Black "Vibbert, Sean"]
[Result "1/2-1/2"]
[WhiteTitle "IM"]
[BlackTitle "FM"]
[WhiteElo "2468"]
[BlackElo "2302"]
[WhiteFideId "5018137"]
[BlackFideId "2030292"]
[EventDate "2014.10.09"]

1. d4 d5 2. c4 c6 3. Nc3 Nf6 4. e3 a6 5. Nf3 b5 6. b3 e6 7. Ne5 Be7 8. Bd3 O-O
9. O-O Bb7 10. c5 Nfd7 11. f4 f5 12. g4 g6 13. Qf3 Nf6 14. gxf5 exf5 15. Qg2 Kh8
16. Rf3 Nbd7 17. Rh3 Nxe5 18. fxe5 Ne4 19. Qxg6 Bh4 20. Qh5 Qg5+ 21. Qxg5 Nxg5
22. Rxh4 Nf3+ 23. Kf2 Nxh4 24. Ne2 Ng6 25. Bd2 Bc8 26. Rh1 a5 27. h4 a4 28. h5
Ne7 29. b4 Ng8 30. h6 Ne7 31. Nf4 Ra7 32. Kf3 Ng6 33. Nh5 Raf7 34. Be1 f4 35.
Nf6 Rxf6 36. exf6 fxe3 37. Kxe3 Rxf6 38. Bg3 Bg4 39. Kd2 Kg8 40. Bxg6 Rxg6 41.
Be5 Be6 1/2-1/2

[Event "Millionaire Chess Open 2014"]
[Site "Las Vegas USA"]
[Date "2014.10.11"]
[Round "6.31"]
[White "Drozdowski, Kacper"]
[Black "Kavutskiy, Konstantin"]
[Result "1-0"]
[WhiteTitle "IM"]
[BlackTitle "FM"]
[WhiteElo "2458"]
[BlackElo "2307"]
[WhiteFideId "1136720"]
[BlackFideId "2026384"]
[EventDate "2014.10.09"]

1. e4 e5 2. Nf3 Nc6 3. Bb5 a6 4. Ba4 Nf6 5. Qe2 b5 6. Bb3 Be7 7. O-O O-O 8. c3
d5 9. d3 Be6 10. Rd1 Qd7 11. h3 h6 12. Nbd2 Rfe8 13. Nf1 Bd6 14. Ng3 a5 15. Bc2
a4 16. a3 Na5 17. d4 dxe4 18. Nxe5 Qe7 19. Qxb5 Bb3 20. Bxb3 Nxb3 21. Rb1 Ra5
22. Qc4 Bxe5 23. dxe5 Qxe5 24. Be3 Nd5 25. Nf1 f5 26. Nd2 Nxd2 27. Rxd2 Kh7 28.
Rbd1 Nxe3 29. fxe3 Qg3 30. Re2 Re7 31. Rd8 Rae5 32. Qxa4 f4 33. exf4 Qxf4 34.
Rd1 Rg5 35. Qc2 g6 36. Rf1 Qh4 37. Qd2 Rf5 38. Rfe1 c6 39. Qd6 e3 40. Kh2 Rfe5
41. Qxc6 Qf4+ 42. Kh1 Rf5 43. b4 Qg3 44. Qc4 Rf4 45. Qd3 Rfe4 46. a4 Qe5 47. a5
Qe6 48. Rd1 Rf7 49. a6 Kg7 50. b5 g5 51. b6 Rf2 52. Qd7+ Qxd7 53. Rxd7+ Kg6 54.
b7 Rxe2 55. b8=Q Rf2 56. Qb1 Kf5 57. Rf7+ Ke5 58. Re7+ 1-0

[Event "Millionaire Chess Open 2014"]
[Site "Las Vegas USA"]
[Date "2014.10.11"]
[Round "6.32"]
[White "Zygouris, Hristos"]
[Black "Altounian, Levon"]
[Result "0-1"]
[BlackTitle "IM"]
[WhiteElo "2200"]
[BlackElo "2438"]
[WhiteFideId "4200292"]
[BlackFideId "2011298"]
[EventDate "2014.10.09"]

1. Nf3 d6 2. d4 Bg4 3. c4 Nd7 4. Nc3 e5 5. d5 Bxf3 6. exf3 Be7 7. f4 exf4 8.
Bxf4 Bf6 9. Qd2 Ne7 10. g4 h5 11. g5 Be5 12. O-O-O Bxf4 13. Qxf4 Ne5 14. Qe4 Qd7
15. f4 N5g6 16. Bd3 O-O-O 17. c5 Qg4 18. Rhf1 dxc5 19. h3 Qh4 20. Rde1 f5 21.
gxf6 gxf6 22. Qf3 Kb8 23. Re6 Rhg8 24. Qe3 f5 25. Bc4 Nc8 26. d6 cxd6 27. Bd5
Nge7 28. Bh1 Rg3 29. Rf3 Rdg8 30. Rxg3 Rxg3 31. Qe1 Rxh3 32. Bg2 Qxe1+ 33. Rxe1
Rg3 34. Bh1 h4 35. Ne2 Rg8 36. Kd2 h3 37. Bf3 Rh8 38. Rh1 Ng6 39. Ke3 Rh4 40.
Kf2 Nxf4 41. Nxf4 Rxf4 42. Rxh3 Ne7 43. Ke3 Rb4 44. b3 Kc7 45. Rh7 Kd7 46. Kd3
a5 47. Kc3 a4 48. Bd5 axb3 49. axb3 b5 50. Bf3 Rf4 51. Be2 b4+ 52. Kd2 Ke6 0-1

[Event "Millionaire Chess Open 2014"]
[Site "Las Vegas USA"]
[Date "2014.10.11"]
[Round "6.33"]
[White "Adithya, B."]
[Black "Thorfinnsson, Bjorn"]
[Result "0-1"]
[BlackTitle "IM"]
[WhiteElo "2289"]
[BlackElo "2389"]
[WhiteFideId "5020506"]
[BlackFideId "2300982"]
[EventDate "2014.10.09"]

1. Nf3 d5 2. g3 c6 3. Bg2 Nf6 4. O-O Bg4 5. d3 Nbd7 6. c4 e6 7. Nc3 Bd6 8. h3
Bxf3 9. Bxf3 Ne5 10. Bg2 dxc4 11. d4 Ned7 12. a4 Rc8 13. e4 e5 14. Be3 O-O 15.
f4 exf4 16. gxf4 Bb4 17. Ne2 Nxe4 18. Bxe4 Re8 19. Ng3 Nf6 20. Qf3 Qe7 21. Bf5
Qxe3+ 22. Qxe3 Rxe3 23. Bxc8 Rxg3+ 24. Kh1 b6 25. Rfc1 c3 26. bxc3 Bd6 27. a5
Bxf4 28. axb6 axb6 29. Ra8 g5 30. Rc2 Kg7 31. Ra7 Re3 32. Kg2 Re8 33. Bg4 Nd5
34. Rb2 Kg6 35. Bf3 f6 36. Bxd5 cxd5 37. h4 gxh4 38. Kf3 Bg5 39. Re2 Rc8 40. Ra3
h5 41. Re6 b5 42. Re2 Kf5 43. Rb3 Bf4 44. Rc2 Rg8 45. Rg2 Rg4 46. Rb1 h3 47.
Rgg1 Kg5 48. Rh1 Rg3+ 49. Ke2 Re3+ 50. Kf2 Rxc3 51. Rxb5 h2 52. Rd1 Rg3 53. Rb7
Kg4 54. Rg7+ Bg5 55. Re7 h4 56. Rh1 Kh3 57. Ree1 Bd2 58. Re6 f5 59. Rd1 f4 0-1

[Event "Millionaire Chess Open 2014"]
[Site "Las Vegas USA"]
[Date "2014.10.11"]
[Round "6.34"]
[White "Obrien, Matthew J"]
[Black "Mandizha, Farai"]
[Result "0-1"]
[BlackTitle "IM"]
[WhiteElo "1962"]
[BlackElo "2367"]
[WhiteFideId "2059150"]
[BlackFideId "11000430"]
[EventDate "2014.10.09"]

1. e4 c5 2. Nf3 a6 3. c3 d5 4. exd5 Qxd5 5. d4 Nf6 6. Be2 cxd4 7. cxd4 e6 8. O-O
Bd6 9. Nc3 Qa5 10. Bd3 O-O 11. Re1 Nbd7 12. Bd2 Qd8 13. Bg5 Be7 14. Qe2 Nh5 15.
Be3 Nb6 16. Ne5 Nf6 17. Qf3 Nbd5 18. Nxd5 Nxd5 19. Qh3 f5 20. g4 Nxe3 21. fxe3
g6 22. Bc4 Kg7 23. Rad1 Bd6 24. Nf3 Bd7 25. g5 Kh8 26. e4 fxe4 27. Rxe4 e5 28.
Qg3 Bc6 29. d5 Bd7 30. Nxe5 Bf5 31. Re2 Kg8 32. h4 Qc7 33. Bb3 Rae8 34. Rde1 Re7
35. Qg2 Kg7 36. Nc4 Qc5+ 37. Kh1 Rxe2 38. Rxe2 Bd3 39. Nxd6 Bxe2 40. Qxe2 Qxd6
41. Qe3 Rf4 42. Qc3+ Kf7 43. Kg2 Rxh4 44. Qf3+ Ke8 0-1

[Event "Millionaire Chess Open 2014"]
[Site "Las Vegas USA"]
[Date "2014.10.11"]
[Round "6.39"]
[White "Ruiz C, Joshua D"]
[Black "Contreras, Henry"]
[Result "1-0"]
[WhiteTitle "IM"]
[BlackTitle "FM"]
[WhiteElo "2395"]
[BlackElo "2203"]
[WhiteFideId "4400704"]
[BlackFideId "4400623"]
[EventDate "2014.10.09"]

1. e4 c5 2. Nf3 d6 3. d4 cxd4 4. Nxd4 Nf6 5. Nc3 a6 6. Bg5 e6 7. f4 Qc7 8. Bxf6
gxf6 9. Qf3 b5 10. a3 Nc6 11. Nxc6 Qxc6 12. f5 Be7 13. O-O-O h5 14. Ne2 Bb7 15.
fxe6 fxe6 16. Nc3 Qc5 17. g3 Bc6 18. Bh3 Qe5 19. Rhe1 a5 20. Nd5 exd5 21. exd5
Qg5+ 22. Kb1 Bd7 23. Bxd7+ Kxd7 24. Qe2 f5 25. Qxb5+ Kd8 26. h4 Qg7 27. Qb6+ Ke8
28. Qc6+ Kf7 29. Rxe7+ Kxe7 30. Re1+ Kf7 31. Qb7+ Kg6 32. Re6+ Kh7 33. Re7 Rag8
34. Qd7 Qxe7 35. Qxe7+ Rg7 36. Qxd6 Re8 37. Qf6 Re1+ 38. Ka2 Rf1 39. d6 a4 40.
Qd4 Rd7 41. Qd3 Rf2 42. Qe3 Rf1 43. Qe8 1-0

[Event "Millionaire Chess Open 2014"]
[Site "Las Vegas USA"]
[Date "2014.10.12"]
[Round "7.2"]
[White "Naroditsky, Daniel"]
[Black "Yu, Yangyi"]
[Result "1/2-1/2"]
[WhiteTitle "GM"]
[BlackTitle "GM"]
[WhiteElo "2601"]
[BlackElo "2697"]
[WhiteFideId "2026961"]
[BlackFideId "8603820"]
[EventDate "2014.10.09"]

1. e4 c5 2. Nf3 e6 3. d4 cxd4 4. Nxd4 Nc6 5. Nc3 Qc7 6. g3 a6 7. Bg2 Nf6 8. O-O
h5 9. Nf3 d6 10. b3 Be7 11. Bb2 Bd7 12. Ne2 Ne5 13. c4 Rd8 14. Nc3 b5 15. cxb5
axb5 16. a4 bxa4 17. Nxe5 dxe5 18. bxa4 O-O 19. Qe2 Rb8 20. Nb5 Bxb5 21. axb5
Qb6 22. Bxe5 Qxb5 23. Qxb5 Rxb5 24. Bxf6 Bxf6 25. Rfb1 Rc5 26. Rc1 Rfc8 27. Rxc5
Rxc5 28. Re1 Rc3 29. Bf1 Bd4 30. Kg2 g6 31. Rd1 Bc5 32. Rd2 Kg7 33. h4 Rc1 1/2-1/2

[Event "Millionaire Chess Open 2014"]
[Site "Las Vegas USA"]
[Date "2014.10.12"]
[Round "7.4"]
[White "Najer, Evgeniy"]
[Black "Bu, Xiangzhi"]
[Result "1/2-1/2"]
[WhiteTitle "GM"]
[BlackTitle "GM"]
[WhiteElo "2635"]
[BlackElo "2710"]
[WhiteFideId "4118987"]
[BlackFideId "8601445"]
[EventDate "2014.10.09"]

1. e4 c5 2. Nf3 Nc6 3. Bb5 g6 4. Bxc6 dxc6 5. d3 Bg7 6. h3 b6 7. O-O Nf6 8. Nbd2
O-O 9. a3 Ne8 10. Rb1 Nd6 11. Qe2 e5 12. c4 a5 13. b4 cxb4 14. axb4 axb4 15.
Rxb4 Nb7 16. Qe3 Nc5 17. Nb3 Na4 18. c5 Qe7 19. Ba3 b5 20. d4 exd4 21. Nbxd4 Qc7
22. Rb3 Re8 23. Re1 Bb7 24. e5 h6 25. h4 Rad8 26. h5 Rd5 27. e6 fxe6 28. hxg6
Bc8 29. Ne2 Rf8 30. Rb4 e5 31. Ng3 Qd7 32. Re4 Rd3 33. Qc1 Rc3 34. Qa1 Qe6 35.
Bb4 Rc4 36. Nxe5 Rxe4 37. Rxe4 Qd5 38. Qc1 Re8 39. f4 Bf5 40. Re1 Bxe5 41. Nxf5
Bd4+ 42. Nxd4 Qxd4+ 43. Kh1 Rxe1+ 44. Bxe1 Nxc5 45. Bc3 Qd3 46. Be5 Nd7 47. Qxc6
Nxe5 48. Qe6+ Kg7 49. Qxe5+ Kxg6 50. Qe6+ Kg7 51. Qe7+ Kg6 52. Qe6+ Kg7 53. Qe7+
Kg6 54. Qe6+ 1/2-1/2

[Event "Millionaire Chess Open 2014"]
[Site "Las Vegas USA"]
[Date "2014.10.12"]
[Round "7.5"]
[White "Mamedov, Rauf"]
[Black "Zhou, Jianchao"]
[Result "0-1"]
[WhiteTitle "GM"]
[BlackTitle "GM"]
[WhiteElo "2667"]
[BlackElo "2580"]
[WhiteFideId "13401653"]
[BlackFideId "8603537"]
[EventDate "2014.10.09"]

1. e4 c5 2. Nf3 d6 3. Bb5+ Nd7 4. c3 Nf6 5. Qe2 a6 6. Ba4 b5 7. Bc2 Bb7 8. O-O
e5 9. d4 Be7 10. Rd1 Qc7 11. d5 c4 12. Nbd2 O-O 13. Nf1 Nc5 14. Ng3 Rfb8 15. Nf5
Bf8 16. Bg5 Ne8 17. b3 cxb3 18. axb3 Bc8 19. b4 Nd7 20. Ra3 Nb6 21. Ne3 Be7 22.
Bxe7 Qxe7 23. Nd2 Rb7 24. Rda1 Rc7 25. Qe1 Bb7 26. Nb3 Rac8 27. Na5 Ba8 28. Bd3
g6 29. Qd2 Nf6 30. g3 Qd7 31. f3 h5 32. Bf1 h4 33. g4 Nh7 34. Ng2 Qe7 35. Qf2
Nxd5 36. exd5 Bxd5 37. Ne3 Ba8 38. c4 Ng5 39. Bg2 bxc4 40. f4 Ne4 41. Bxe4 Bxe4
42. g5 exf4 43. Qxf4 c3 44. Ng4 d5 45. Nb3 c2 46. Rf1 Qxb4 47. Nf6+ Kf8 48. Nxd5
Qxa3 49. Nxc7 Qxb3 50. Rc1 Qb6+ 0-1

[Event "Millionaire Chess Open 2014"]
[Site "Las Vegas USA"]
[Date "2014.10.12"]
[Round "7.6"]
[White "Sadorra, Julio Catalino"]
[Black "Dreev, Aleksey"]
[Result "1/2-1/2"]
[WhiteTitle "GM"]
[BlackTitle "GM"]
[WhiteElo "2592"]
[BlackElo "2654"]
[WhiteFideId "5201268"]
[BlackFideId "4100107"]
[EventDate "2014.10.09"]

1. d4 d5 2. c4 c6 3. Nc3 Nf6 4. Nf3 e6 5. e3 Nbd7 6. Bd3 dxc4 7. Bxc4 b5 8. Bd3
Bd6 9. O-O O-O 10. b3 Bb7 11. Bb2 Qe7 12. Rc1 Rac8 13. Re1 Rfd8 14. e4 e5 15. d5
Bb4 16. dxc6 Bxc6 17. Qe2 Nc5 18. Red1 Nxd3 19. Rxd3 Rxd3 20. Qxd3 Rd8 21. Qe2
a6 22. h3 Bb7 23. Nxe5 Qxe5 24. Nd5 Qg5 25. Nxb4 Nxe4 26. Nc6 Re8 27. Qg4 Qxg4
28. hxg4 f6 29. Nd4 Rc8 30. Re1 Re8 31. Rc1 Rc8 32. Re1 Re8 1/2-1/2

[Event "Millionaire Chess Open 2014"]
[Site "Las Vegas USA"]
[Date "2014.10.12"]
[Round "7.7"]
[White "Ramirez, Alejandro"]
[Black "Azarov, Sergei"]
[Result "0-1"]
[WhiteTitle "GM"]
[BlackTitle "GM"]
[WhiteElo "2574"]
[BlackElo "2639"]
[WhiteFideId "6500617"]
[BlackFideId "13501470"]
[EventDate "2014.10.09"]

1. d4 d5 2. Nf3 Nf6 3. c4 dxc4 4. e3 b5 5. a4 b4 6. Bxc4 e6 7. O-O Bb7 8. Qe2
Be7 9. Nbd2 O-O 10. b3 c5 11. Bb2 Nbd7 12. Rfd1 Qa5 13. Bd3 cxd4 14. Nc4 Qc7 15.
Bxd4 Rac8 16. e4 Bc5 17. Rac1 Rfd8 18. Nce5 Qd6 19. Nxd7 Nxd7 20. Bb5 Qe7 21. h3
Bxd4 22. Rxc8 Rxc8 23. Rxd4 Nf6 24. Nd2 Rc1+ 25. Kh2 h5 26. Rd3 Rc3 27. Qe3 Qc7+
28. g3 h4 29. Bc4 hxg3+ 30. Qxg3 Qxg3+ 31. Kxg3 Nxe4+ 32. Nxe4 Bxe4 33. Re3 e5
34. Kg4 Rxe3 35. fxe3 g6 36. h4 Kg7 37. h5 f5+ 38. Kg5 gxh5 39. Kxh5 Kf6 40. Kh4
a5 41. Kg3 Kg5 42. Kf2 f4 43. Be6 Bd3 44. Bd5 e4 45. Bc6 Kf5 46. Bb5 Ke5 47. Be8
Bc4 0-1

[Event "Millionaire Chess Open 2014"]
[Site "Las Vegas USA"]
[Date "2014.10.12"]
[Round "7.8"]
[White "Ghaem Maghami, Ehsan"]
[Black "Kaidanov, Gregory S"]
[Result "1/2-1/2"]
[WhiteTitle "GM"]
[BlackTitle "GM"]
[WhiteElo "2594"]
[BlackElo "2569"]
[WhiteFideId "12500739"]
[BlackFideId "2008564"]
[EventDate "2014.10.09"]

1. Nf3 d5 2. d4 Nf6 3. c4 e6 4. Bg5 dxc4 5. Qa4+ Nbd7 6. e4 a6 7. Bxc4 Rb8 8.
Qc2 b5 9. Bxe6 fxe6 10. e5 Bb7 11. exf6 gxf6 12. Bf4 Bd6 13. Bg3 Bxf3 14. gxf3
O-O 15. Nc3 f5 16. Rg1 Kh8 17. Bxd6 cxd6 18. Qd2 Rc8 19. Qh6 Qf6 20. Qxf6+ Nxf6
21. Kd2 Rc4 22. Ne2 Rfc8 23. Rac1 Nd5 24. Rxc4 Rxc4 25. a3 Rc7 26. Nc3 Rc4 27.
Ne2 a5 28. Kd3 Rc8 29. Nc3 Nf4+ 30. Ke3 e5 31. dxe5 dxe5 32. Rg5 b4 33. axb4
axb4 34. Ne2 Nd5+ 1/2-1/2

[Event "Millionaire Chess Open 2014"]
[Site "Las Vegas USA"]
[Date "2014.10.12"]
[Round "7.9"]
[White "Shabalov, Alexander"]
[Black "Shankland, Samuel L"]
[Result "0-1"]
[WhiteTitle "GM"]
[BlackTitle "GM"]
[WhiteElo "2499"]
[BlackElo "2633"]
[WhiteFideId "2008572"]
[BlackFideId "2004887"]
[EventDate "2014.10.09"]

1. e4 c5 2. Nf3 d6 3. d4 cxd4 4. Nxd4 Nf6 5. Nc3 a6 6. f4 e5 7. Nf3 Nbd7 8. a4
Be7 9. Bc4 O-O 10. O-O Qb6+ 11. Kh1 exf4 12. Ba2 Nc5 13. Qe1 Bg4 14. Bxf4 Rae8
15. Nd2 Be6 16. Nc4 Qc6 17. Na5 Qb6 18. Nc4 Qc6 19. Na5 Qc7 20. b4 Ncd7 21. Nb3
Ne5 22. Nd4 Bxa2 23. Rxa2 Ng6 24. Bg3 Qc4 25. Nf5 Nxe4 26. Nxe4 Qxa2 27. Qc3 f6
28. Bxd6 Qe6 29. Qf3 Nh4 30. Nc5 Nxf3 31. Nxe6 Bxd6 32. Nxf8 Bxf8 33. gxf3 Bxb4
34. Rb1 Re1+ 35. Rxe1 Bxe1 36. Nd6 b6 37. Nc4 Bf2 38. Kg2 Bc5 39. Nd2 Kf7 40. c4
Ke6 41. Nb3 a5 0-1